[Event "Challenge"]
[Site "http://www.queenalice.com/game.php?id=1360051"]
[Date "2015.5.17"]
[Round "-"]
[White "guy92"]
[Black "filomenos"]
[Result "1-0"]
[WhiteElo "1919"]
[BlackElo "2027"]

1. d4 d5 2. c4 c6 3. cxd5 cxd5 4. Nc3 g6 5. Bf4 Bg7 6. Nf3 Nf6 7. e3 O-O 8. Be2
a6 9. O-O Bg4 10. Ne5 Bxe2 11. Qxe2 e6 12. Rac1 Nbd7 13. Bg5 Qc7 14. Nxd5 Nxd5
15. Rxc7 1-0

[Event "Challenge"]
[Site "http://www.queenalice.com/game.php?id=1360052"]
[Date "2015.5.17"]
[Round "-"]
[White "Tonto"]
[Black "filomenos"]
[Result "1-0"]
[WhiteElo "1888"]
[BlackElo "1964"]

1. e4 d5 2. e5 g6 3. d4 Bg7 4. h3 c6 5. Nf3 f6 6. exf6 Nxf6 7. Bd3 O-O 8. Nc3
Nbd7 9. Ng5 Nb6 10. Qe2 Nfd7 11. Qe6+ Kh8 12. Nf7+ Rxf7 13. Qxf7 e5 14. Bd2 e4
15. Be2 Bxd4 16. Bh6 Qg8 17. Qxg8+ Kxg8 18. Nd1 Nf8 19. c3 Bg7 20. Bxg7 Kxg7 21.
Ne3 Be6 22. Nc2 Nfd7 23. Nd4 Bf7 24. b3 Ne5 25. O-O Rf8 26. f4 exf3 27. Nxf3
Nxf3+ 28. Rxf3 Nd7 29. Raf1 Ne5 30. Rf4 g5 31. Rf5 Ng6 32. Bh5 a5 33. a4 h6 34.
Bxg6 Kxg6 35. Rf6+ Kg7 36. Rd6 Re8 37. Rd7 Rf8 38. Rxb7 Kg8 39. Rb6 d4 40. cxd4
Bd5 41. Rxf8+ Kxf8 42. Ra6 Bxb3 43. Rxa5 Bd5 44. Rc5 Ke8 45. a5 Kd8 46. a6 Kc7
47. a7 1-0

[Event "Challenge"]
[Site "http://www.queenalice.com/game.php?id=1369389"]
[Date "2015.7.3"]
[Round "-"]
[White "filomenos"]
[Black "Fauquinelle"]
[Result "0-1"]
[WhiteElo "2026"]
[BlackElo "1982"]

1. d4 f5 2. g3 Nf6 3. Bg2 e6 4. Nf3 d5 5. Bg5 Be7 6. O-O h6 7. Bxf6 Bxf6 8. c3
Qd6 9. Nbd2 Bd7 10. Nb3 Ba4 11. Nfd2 Nc6 12. Qc1 Bxb3 13. Nxb3 Ne7 14. f3 Bg5
15. f4 Bf6 16. Nc5 b6 17. Nd3 c5 18. dxc5 bxc5 19. Rb1 a5 20. a4 c4 21. Ne1 O-O
22. e3 Rab8 23. Nc2 Rb6 24. Na3 Rfb8 25. Nb5 Qd7 26. Rd1 Qb7 27. Qc2 Nc8 28. Rd2
Nd6 29. Nxd6 Rxd6 30. Bf1 Rb6 31. Be2 Rb3 32. Qc1 Bxc3 33. Rc2 Bxb2 34. Qd1 Ba3
35. Rxb3 cxb3 36. Rc3 b2 37. Qb1 Rc8 38. Rxc8+ Qxc8 39. Kf2 g5 40. Bb5 Qc1 0-1

[Event "Challenge"]
[Site "http://www.queenalice.com/game.php?id=1369391"]
[Date "2015.7.3"]
[Round "-"]
[White "filomenos"]
[Black "jpribeiro"]
[Result "0-1"]
[WhiteElo "1952"]
[BlackElo "1950"]

1. d4 d5 2. g3 g6 3. Bg2 Bf5 4. Nf3 Bg7 5. c3 Nf6 6. O-O Ne4 7. Bf4 O-O 8. Nbd2
Nc6 9. Nb3 a5 10. a4 Qd7 11. Nfd2 b6 12. Nxe4 Bxe4 13. f3 Bf5 14. e4 Be6 15.
exd5 Bxd5 16. Nd2 f5 17. Re1 Bf6 18. Qc1 g5 19. Be3 Bf7 20. Nb3 h6 21. f4 Bxb3
22. Ra3 Bd5 23. Bxd5+ Qxd5 24. Ra1 g4 25. Qc2 Kf7 26. Re2 Na7 27. Rd2 Nc8 28. b3
Qe6 29. Re1 Nd6 30. Rde2 Qe4 31. Qd2 Qe6 32. d5 Qd7 33. c4 Ne4 34. Qc2 c5 35.
Kg2 Nc3 36. Rf2 Ne4 37. Rfe2 Bc3 38. Rd1 Bf6 39. Bd2 Rh8 40. Rh1 Rae8 41. Kf1 h5
42. Kg2 h4 43. Qd1 h3+ 44. Kf1 Bd4 45. Qc2 e6 46. dxe6+ Rxe6 47. Be1 Rhe8 0-1

[Event "Challenge"]
[Site "http://www.queenalice.com/game.php?id=1369392"]
[Date "2015.7.3"]
[Round "-"]
[White "filomenos"]
[Black "Japy104"]
[Result "1-0"]
[WhiteElo "2003"]
[BlackElo "1935"]

1. d4 Nf6 2. g3 g6 3. Bg2 Bg7 4. Nf3 O-O 5. c3 d6 6. O-O Bf5 7. Bf4 c6 8. Nbd2
Nbd7 9. Nb3 Re8 10. Nfd2 d5 11. f3 e5 12. dxe5 Nxe5 13. Bxe5 Rxe5 14. Re1 Qd7
15. e4 dxe4 16. fxe4 1-0

[Event "Challenge"]
[Site "http://www.queenalice.com/game.php?id=1369393"]
[Date "2015.7.3"]
[Round "-"]
[White "filomenos"]
[Black "ymfrancois"]
[Result "1-0"]
[WhiteElo "1976"]
[BlackElo "1922"]

1. d4 d5 2. g3 Bf5 3. Bg2 Nf6 4. Nf3 e6 5. Bg5 Be7 6. O-O Nc6 7. c3 O-O 8. Nbd2
Ne4 9. Bxe7 Qxe7 10. Nb3 b6 11. Nfd2 a5 12. f3 Nd6 13. e4 Bg6 14. exd5 exd5 15.
f4 Nf5 16. Re1 Qd7 17. Nf3 a4 18. Nbd2 Na5 19. Ne5 Qb5 20. Qc1 1-0

[Event "Challenge"]
[Site "http://www.queenalice.com/game.php?id=1369394"]
[Date "2015.7.3"]
[Round "-"]
[White "filomenos"]
[Black "Foliko"]
[Result "0-1"]
[WhiteElo "1986"]
[BlackElo "1974"]

1. d4 c6 2. g3 d5 3. Bg2 Bf5 4. Nf3 h6 5. O-O e6 6. c3 Nf6 7. Bf4 Be7 8. Bxb8
Rxb8 9. Nbd2 O-O 10. Nb3 a6 11. Nfd2 b5 12. f3 Qb6 13. e4 Bg6 14. exd5 Nxd5 15.
Re1 Rbd8 16. Kh1 c5 17. dxc5 Bxc5 18. Nxc5 Qxc5 19. Qc1 Qd6 20. Ne4 Bxe4 21.
Rxe4 f5 22. Rd4 e5 23. Rd2 Qg6 24. Qe1 Qf6 25. Rad1 Nb6 26. f4 e4 27. Qe3 Nc4
28. Qe2 Nxd2 29. Rxd2 Rxd2 30. Qxd2 Qd8 31. Qc2 Qd3 32. Qc1 Rd8 33. Kg1 Qd1+ 34.
Qxd1 Rxd1+ 0-1

[Event "Challenge"]
[Site "http://www.queenalice.com/game.php?id=1369396"]
[Date "2015.7.3"]
[Round "-"]
[White "filomenos"]
[Black "Paulobraz"]
[Result "1-0"]
[WhiteElo "2016"]
[BlackElo "1861"]

1. d4 e6 2. g3 d5 3. Bg2 Bd7 4. Nf3 Nf6 5. Bg5 h6 6. Bxf6 Qxf6 7. c3 Bd6 8. Nbd2
Nc6 9. e4 O-O-O 10. e5 Qf5 11. exd6 cxd6 12. O-O g5 13. Nb3 h5 14. Ne1 g4 15.
Nc2 h4 16. Ne3 Qg6 17. Nxg4 e5 18. Ne3 hxg3 19. fxg3 Be6 20. Qe1 Rh6 21. Nxd5
Bxd5 22. Bxd5 Rdh8 23. Bxf7 Qg7 24. Rf2 exd4 25. Be6+ Kb8 26. Qd2 Rxe6 27. cxd4
d5 28. Raf1 a6 29. Rf7 Qg6 30. Nc5 Rd6 31. Rxb7+ Kc8 32. Rff7 Kd8 33. Nd3 Qe6
34. Qg5+ Ke8 35. Qf5 Qxf5 36. Rxf5 Rd8 37. Rff7 Rf8 38. Rxf8+ Kxf8 39. Rb6 Nxd4
40. Rxa6 1-0

[Event "Challenge"]
[Site "http://www.queenalice.com/game.php?id=1369397"]
[Date "2015.7.3"]
[Round "-"]
[White "Paulobraz"]
[Black "filomenos"]
[Result "1-0"]
[WhiteElo "1863"]
[BlackElo "2008"]

1. g3 d5 2. Bg2 c6 3. d3 g6 4. e3 Bg7 5. Bd2 Nf6 6. Nc3 O-O 7. Nge2 Bg4 8. h3
Bxe2 9. Nxe2 Nbd7 10. O-O Nb6 11. Ba5 Nfd7 12. c3 Qc8 13. Nd4 Re8 14. b3 e5 15.
Nf3 Nf6 16. a4 Nbd7 17. c4 dxc4 18. dxc4 b6 19. Bd2 Rb8 20. Bc3 Nc5 21. Bxe5 Rb7
22. Qc2 Rbe7 23. Rfd1 Rxe5 24. Nxe5 Rxe5 25. Rd4 Nfd7 26. Rad1 Re7 27. Rd6 Re6
28. Bxc6 Rxd6 29. Rxd6 Be5 30. Bxd7 Nxd7 31. Rd5 Bg7 32. Qd2 Nf8 33. Rd8 Qc7 34.
Kh2 Bf6 35. Rd5 Ne6 36. f4 Kg7 37. Qd3 Nc5 38. Qd1 Qe7 39. Qf3 Ne4 40. f5 Nc3
41. Rd3 Ne4 42. fxg6 fxg6 43. Kg2 Ng5 44. Qg4 Qf8 45. Rd7+ Kg8 46. Rxa7 Nf7 47.
Qe6 Bc3 48. Qxb6 Kg7 49. Qe6 1-0

[Event "Challenge"]
[Site "http://www.queenalice.com/game.php?id=1369399"]
[Date "2015.7.3"]
[Round "-"]
[White "ymfrancois"]
[Black "filomenos"]
[Result "0-1"]
[WhiteElo "1908"]
[BlackElo "1990"]

1. e4 d5 2. exd5 Qxd5 3. Nc3 Qe6+ 4. Be2 c6 5. Nf3 g6 6. O-O Bg7 7. d4 Nf6 8.
Re1 Qd6 9. b3 Bg4 10. h3 Bxf3 11. Bxf3 O-O 12. a4 Qd8 13. Bg5 Nbd7 14. Rb1 Nb6
15. Ne4 Nbd5 16. Qd2 Re8 17. c4 Nxe4 18. Rxe4 Nf6 0-1

[Event "Challenge"]
[Site "http://www.queenalice.com/game.php?id=1369400"]
[Date "2015.7.3"]
[Round "-"]
[White "jpribeiro"]
[Black "filomenos"]
[Result "1-0"]
[WhiteElo "1915"]
[BlackElo "1970"]

1. c4 g6 2. Nc3 Bg7 3. d4 Nf6 4. e4 d6 5. h3 O-O 6. Be3 c6 7. Qd2 Re8 8. O-O-O
Nbd7 9. f4 Nb6 10. a4 a5 11. Nf3 e6 12. Nh2 d5 13. e5 Nfd7 14. c5 Nc4 15. Bxc4
dxc4 16. Ne4 Nb8 17. Nd6 Re7 18. Nxc4 Nd7 19. Ng4 f6 20. exf6 Nxf6 21. Nxf6+
Bxf6 22. g4 Rc7 23. g5 Be7 24. Nxa5 Rd7 25. h4 Bxc5 26. Nb3 Bd6 27. h5 Rf7 28.
hxg6 hxg6 29. Qh2 Kf8 30. Qh8+ Ke7 31. Qxd8+ Kxd8 32. Rh8+ Kc7 33. Rdh1 Rxa4 34.
Nc5 Ra1+ 35. Kc2 Rxh1 36. Rxh1 Bxc5 37. dxc5 Rg7 38. Bd4 Rg8 39. Rh7+ Bd7 40.
Kd3 Kc8 41. Ke4 Kd8 42. Bf6+ Ke8 43. Re7+ 1-0

[Event "Challenge"]
[Site "http://www.queenalice.com/game.php?id=1369402"]
[Date "2015.7.3"]
[Round "-"]
[White "Fauquinelle"]
[Black "filomenos"]
[Result "1/2-1/2"]
[WhiteElo "1996"]
[BlackElo "2003"]

1. e4 d5 2. exd5 Qxd5 3. Nc3 Qe6+ 4. Qe2 Qxe2+ 5. Bxe2 c6 6. h3 g6 7. Nf3 Bg7 8.
d4 Nf6 9. Be3 Bf5 10. O-O-O O-O 11. Ne5 Nbd7 12. g4 Be6 13. g5 Nd5 14. Nxd7 Bxd7
15. Nxd5 cxd5 16. h4 Rac8 17. h5 Bf5 18. Bd3 Bxd3 19. Rxd3 Rc6 20. hxg6 fxg6 21.
c3 Rfc8 22. Kd2 e6 23. f4 b5 24. a3 R6c7 25. Bf2 Rf8 26. Bg3 Rc6 27. Be1 Bh8 28.
Rf3 Rc7 29. Kd3 Rcf7 30. Bd2 Rf5 31. Ke2 R8f7 32. Rh4 1/2-1/2

[Event "Challenge"]
[Site "http://www.queenalice.com/game.php?id=1377421"]
[Date "2015.8.14"]
[Round "-"]
[White "colatina"]
[Black "filomenos"]
[Result "1-0"]
[WhiteElo "1931"]
[BlackElo "1936"]

1. e4 d5 2. c3 dxe4 3. Qa4+ c6 4. Qxe4 g6 5. Bc4 Bf5 6. Qf3 Nf6 7. g3 Bxb1 8.
Rxb1 Bg7 9. Qd3 O-O 10. Qxd8 Rxd8 11. f3 Nbd7 12. h4 h5 13. d4 Nb6 14. Bb3 e6
15. Bg5 Rd7 16. a4 Nfd5 17. a5 Nc8 18. Kf2 1-0

[Event "3º Jogo (Neguinha)"]
[Site "http://www.queenalice.com/game.php?id=1379706"]
[Date "2015.8.26"]
[Round "-"]
[White "filomenos"]
[Black "Paulobraz"]
[Result "1/2-1/2"]
[WhiteElo "1920"]
[BlackElo "1905"]

1. d4 e6 2. g3 Bd6 3. Bg2 Nc6 4. Nf3 f6 5. c3 b5 6. O-O Nge7 7. Nbd2 Bb7 8. Nb3
Nf5 9. Re1 O-O 10. Bd2 b4 11. Nc1 bxc3 12. bxc3 a5 13. a4 Qe8 14. Nd3 Nce7 15.
Bf4 Bxf4 16. Nxf4 Ng6 17. Nxg6 Qxg6 18. Nd2 Bxg2 19. Kxg2 h5 20. e4 Nh6 21. Kg1
h4 22. Qf3 hxg3 23. fxg3 Ra6 24. Nc4 Qg5 25. Kg2 Rc6 26. Qd3 1/2-1/2

[Event "Challenge"]
[Site "http://www.queenalice.com/game.php?id=1386578"]
[Date "2015.10.1"]
[Round "-"]
[White "filomenos"]
[Black "betofortaleza"]
[Result "0-1"]
[WhiteElo "1919"]
[BlackElo "1821"]

1. d4 d5 2. g3 Bf5 3. Bg2 e6 4. Nf3 Nf6 5. Bg5 h6 6. Bxf6 Qxf6 7. c3 Bd6 8. O-O
h5 9. Nbd2 Nc6 10. Nb3 O-O-O 11. Nfd2 h4 12. e4 hxg3 13. exf5 Rxh2 14. fxg3 Bxg3
15. fxe6 Qh6 16. exf7 Rh1+ 0-1

[Event "Challenge"]
[Site "http://www.queenalice.com/game.php?id=1386579"]
[Date "2015.10.1"]
[Round "-"]
[White "betofortaleza"]
[Black "filomenos"]
[Result "1/2-1/2"]
[WhiteElo "1801"]
[BlackElo "1899"]

1. e4 d5 2. e5 g6 3. d4 Bg7 4. Nc3 c6 5. Bd3 Nd7 6. Nf3 f6 7. exf6 Ngxf6 8. Bf4
O-O 9. Qd2 Re8 10. Ng5 Nb6 11. h4 Nh5 12. Be3 e5 13. dxe5 d4 14. Bxd4 Qxd4 15.
O-O-O Rxe5 16. Nf3 Qg4 17. Nxe5 Bxe5 18. g3 Bf5 19. Kb1 Bf6 20. Bxf5 Qxf5 21.
Rhe1 Ng7 22. Ne4 Nc4 23. Qb4 b5 24. Nxf6+ Qxf6 25. c3 a5 26. Qc5 Rc8 27. f4 a4
28. a3 Nf5 29. Rd3 Rd8 30. Rxd8+ Qxd8 31. Qxc6 Qd3+ 32. Ka2 Nce3 33. Qf6 Qc4+
34. Kb1 Qd3+ 35. Ka2 Qc4+ 36. Kb1 Qd3+ 37. Ka2 1/2-1/2

[Event "Challenge"]
[Site "http://www.queenalice.com/game.php?id=1392137"]
[Date "2015.11.3"]
[Round "-"]
[White "filomenos"]
[Black "JoseHenrique"]
[Result "1/2-1/2"]
[WhiteElo "1895"]
[BlackElo "1995"]

1. d4 d5 2. g3 Nf6 3. Bg2 Bf5 4. Nf3 g6 5. c3 Bg7 6. O-O O-O 7. Bf4 c6 8. Nbd2
Re8 9. Nb3 b6 10. Nfd2 a5 11. a4 Nbd7 12. Re1 Nh5 13. Bg5 h6 14. Be3 Nhf6 15.
Nf3 e5 16. dxe5 Nxe5 17. Nxe5 Rxe5 18. Bd4 Re8 19. Bxf6 Qxf6 20. Nd4 Bd7 21. Qb3
Rab8 22. Rad1 c5 23. Nf3 Bc6 24. Qc2 Qd8 25. e4 Qd7 26. exd5 Bxa4 27. b3 Bb5 28.
c4 Ba6 29. Re2 Qd6 30. Rde1 Qd7 31. Ne5 Bxe5 32. Rxe5 Rxe5 33. Rxe5 Re8 34.
Rxe8+ Qxe8 35. Qd2 Bc8 36. Qe3 Qf8 37. f4 Bf5 38. Bf3 h5 39. Kf2 Qg7 40. Qd2
1/2-1/2

[Event "Challenge"]
[Site "http://www.queenalice.com/game.php?id=1396122"]
[Date "2015.11.26"]
[Round "-"]
[White "filomenos"]
[Black "princesher"]
[Result "0-1"]
[WhiteElo "1899"]
[BlackElo "1884"]

1. d4 d5 2. g3 h6 3. Bg2 c6 4. Nf3 Nd7 5. Bf4 g5 6. Be3 Bg7 7. c3 Ngf6 8. O-O g4
9. Nh4 e6 10. Bh1 h5 11. Bg5 Qb6 12. Bxf6 Bxf6 13. Ng2 Qxb2 14. Nd2 Qxc3 15. Nb3
a5 16. e3 a4 17. Nd2 Qa5 18. Nf4 e5 19. dxe5 Bxe5 20. Rb1 Bxf4 21. exf4 f5 22.
Re1+ Kd8 23. Rb2 b5 24. Qe2 Re8 25. Qxe8+ Kc7 26. Qxh5 Qc3 27. Rbb1 Qxd2 28.
Qxf5 Nc5 29. Qe5+ Kb6 30. Qb2 Qxb2 31. Rxb2 Nd3 32. Ree2 Nxb2 0-1

[Event "Challenge"]
[Site "http://www.queenalice.com/game.php?id=1396123"]
[Date "2015.11.26"]
[Round "-"]
[White "princesher"]
[Black "filomenos"]
[Result "1-0"]
[WhiteElo "1901"]
[BlackElo "1882"]

1. e4 d5 2. exd5 Qxd5 3. c4 Qe6+ 4. Qe2 Qxe2+ 5. Bxe2 g6 6. h3 Bg7 7. d3 Nf6 8.
Nd2 Bf5 9. g4 Be6 10. g5 Nfd7 11. h4 Ne5 12. f4 Nec6 13. Bf3 Bf5 14. Be4 Bxe4
15. Nxe4 b6 16. a3 O-O 17. Nf3 Nd7 18. Rb1 Nd4 19. Nxd4 Bxd4 20. b4 e5 21. Bb2
Bxb2 22. Rxb2 exf4 23. Rf2 Ne5 24. Kd2 Rad8 25. Nf6+ Kh8 26. Nd5 c6 27. Nxf4 Rd7
28. Kc3 Rfd8 29. Rh3 Kg7 30. Re2 Re7 31. d4 Rde8 32. Rxe5 1-0

[Event "Challenge"]
[Site "http://www.queenalice.com/game.php?id=1456054"]
[Date "2016.12.23"]
[Round "-"]
[White "filomenos"]
[Black "vindaloo"]
[Result "0-1"]
[WhiteElo "1867"]
[BlackElo "1897"]

1. d4 d5 2. g3 e6 3. Bg2 c5 4. Nf3 cxd4 5. Nxd4 Nc6 6. Nb3 Nf6 7. O-O Be7 8. Bg5
O-O 9. c3 h6 10. Bxf6 Bxf6 11. N1d2 e5 12. e4 dxe4 13. Nxe4 Bf5 14. Qxd8 Rfxd8
15. Nxf6+ gxf6 16. Bxc6 bxc6 17. Rfe1 h5 18. Nc5 Kg7 19. Red1 Rd5 20. Nb3 Rad8
21. Rxd5 cxd5 22. Nc5 d4 23. Rd1 d3 24. Rd2 e4 25. Kg2 Bg6 26. Nb3 f5 27. Nd4
Rd6 28. Kf1 Kh6 29. Nb5 Rd7 30. c4 Kg5 31. h3 f4 32. b3 h4 33. g4 e3 34. fxe3
fxe3 35. Rb2 Be4 36. Nc3 Bf3 37. Nd5 Bxd5 38. cxd5 Rxd5 39. Rb1 Kf4 40. Kg2 d2
0-1

[Event "Challenge"]
[Site "http://www.queenalice.com/game.php?id=1456055"]
[Date "2016.12.23"]
[Round "-"]
[White "vindaloo"]
[Black "filomenos"]
[Result "1-0"]
[WhiteElo "1981"]
[BlackElo "1852"]

1. e4 d5 2. exd5 Qxd5 3. Nc3 Qe6+ 4. Be2 c6 5. Nf3 g6 6. O-O Bg7 7. d4 Nf6 8.
Re1 Qd6 9. Bc4 O-O 10. Be3 Bg4 11. h3 Bxf3 12. Qxf3 Qd8 13. Rad1 Nbd7 14. Ne2
Nb6 15. Bb3 Nfd5 16. c3 Nxe3 17. fxe3 e6 18. e4 Qf6 19. Qg3 Qe7 20. Nf4 Rad8 21.
Qf3 Nc8 22. d5 e5 23. Ne2 c5 24. c4 Nd6 25. Rc1 b6 26. a3 a5 27. Nc3 Bh6 28.
Rcd1 Bf4 29. Na4 Qc7 30. Nc3 Qe7 31. Ne2 g5 32. g3 Bxg3 33. Nxg3 f6 34. Ba2 Qg7
35. b3 Qg6 36. a4 Rd7 37. Bb1 Kg7 38. Bd3 Rh8 39. Rf1 Rf8 40. Rd2 h6 41. Qg4 Re7
42. h4 Kh7 43. h5 Qg7 44. Nf5 Nxf5 45. Qxf5+ Kg8 46. Be2 Rff7 47. Bg4 Rd7 48.
Qe6 Rb7 49. d6 Rd7 50. Qe8+ Kh7 51. Bf5+ 1-0